000
00316nam a2200133Ia 4500
008
191201s2008 xx 000 0 und d
082
_a
658.87
_b
HAC
100
_a
HAWKINS, Dell
245
0
_a
Consumer Behavior Building Marketing
260
_a
N.Delhi
_b
TMH
_c
2008
300
_a
867
650
_a
MBA
942
_2
ddc
_c
BK
999
_c
3499
_d
3499